000 002260000a22000970004500
100 1 _aRanney, Stephen L.
245 1 0 _aConstructing hand dug wells
300 _aNúm 12 (1986), Páginas 35-37
773 0 _tTogether
942 _cANA
999 _c56547
_d56547